| 000 | 02348nam0a2200433 4500 | ||
|---|---|---|---|
| 001 | RU\NLR\bibl\1493506 | ||
| 005 | 20250616013549.0 | ||
| 010 |
_a5-94121-042-8 _93000 |
||
| 021 |
_aRU _b2010-10045 _9662 |
||
| 035 | _a(nilc)RSL-KNO-004581444 | ||
| 035 | _a(NLR Aleph) 001485043 | ||
| 090 |
_a1727719 _c1727719 |
||
| 100 | _a20100212d2010 |||y0rusy50 ca | ||
| 101 | 1 |
_arus _cger |
|
| 102 | _aRU | ||
| 105 | _aa ||||||||| | ||
| 200 | 1 |
_aПитание по системе пяти элементов для матери и ребенка _eподробные рекомендации по питанию детей, будущих матерей и родителей, согласно традиционной китайской медицине _e[принципы здорового питания в китайской медицине] _fБарбара Темели, Беатрис Требут _g[пер. с нем.: М. Железнова] |
|
| 210 |
_aСанкт-Петербург _cУддияна _d2010 |
||
| 215 |
_a252, [1] с. _cил. _d20 |
||
| 225 | 1 | _aТысячелетний опыт китайской медицины | |
| 300 | _aЗагл. и авт. ориг.: Die fünf elemente Ernährung für Mutter und Kind / Barbara Temelie, Beatrice Trebuth | ||
| 320 | _aДр. кн. авт. на 4-й с. обл. | ||
| 454 | 0 |
_12001#$aDie fünf elemente Ernährung für Mutter und Kind$fBarbara Temelie, Beatrice Trebuth _1700#1$aTemelie$bB.$gBarbara$4070 _1701#1$aTrebuth$bB.$gBeatrice$4070 _tDie fünf elemente Ernährung für Mutter und Kind _aTemelie, Barbara |
|
| 606 | 1 |
_aКитайская диета _92430172 _3RU\NLR\auth\661446536 |
|
| 606 | 1 |
_aБеременные _xПитание _xРоль китайской диеты _92615727 _3RU\NLR\auth\661552286 |
|
| 606 | 1 |
_aДети _xПитание _xРоль китайской диеты _92615729 _3RU\NLR\auth\661552288 |
|
| 610 | 0 | _aпитание для матери и ребенка | |
| 686 |
_aР359.11,0 _2rubbk |
||
| 686 | _aР123.03 | ||
| 686 | _aР128.37 | ||
| 686 | _aР716.116.3 | ||
| 700 | 1 |
_aТемели _bБ. _gБарбара _4070 |
|
| 701 | 1 |
_aТребут _bБ. _gБеатрис _4070 |
|
| 801 | 0 |
_aRU _bРГБ _c20100212 _grcr |
|
| 801 | 1 |
_aRU _bРГБ _c20100212 |
|
| 801 | 2 |
_aRU _bNLR _c20100402 _grcr |
|
| 942 | _cBOOK | ||
| 980 | _aNB | ||